00667nam a22001697a 4500003000900000008004100009040007100050082001800121100005500139245007200194260002600266300004100292505012600333650001400459650001000473650001400483AR-CdUCM190529b ||||| |||| 00| 0 spa d aMUNICIPALIDAD PROVINCIAL DEL CUSCOcBIBLIOTECA MUNICIPAL DEL CUSCO a595.7 / bP84 aPratt, Harry D; Littig, Kent S. y Barnes, Ralph C. aMosquitos importantes para la salud publica : bComo combatirlos /  aMexico: bAID,c1973. a81 páginas ; c26 cm.bGráficos. aContenido: Efectos sobre la salud humana -- Características generales y ciclo vital -- Hábitos del mosquito adulto... aMosquito  aLarva aInsectos